Central Library OPAC University of Rajshahi

আমার চোখে বিশ্ববিদ্যালয় / (Record no. 59384)

MARC details
000 -LEADER
fixed length control field 00878nam a2200217 a 4500
001 - CONTROL NUMBER
control field 59384
003 - CONTROL NUMBER IDENTIFIER
rucl marc code BD-RjUL
005 - DATE AND TIME OF LATEST TRANSACTION
control field 20211209080725.0
008 - FIXED-LENGTH DATA ELEMENTS--GENERAL INFORMATION
fixed length control field 161224s1984 bg ||||| |||| 00| 0 ben d
035 ## - SYSTEM CONTROL NUMBER
System control number (BD-RjUL)59508
040 ## - CATALOGING SOURCE
Original cataloging agency BD-RjUL
Language of cataloging ben
Transcribing agency BD-RjUL
Modifying agency BD-RjUL
041 ## - LANGUAGE CODE
Language code of text/sound track or separate title ben
082 ## - DEWEY DECIMAL CLASSIFICATION NUMBER
Edition number 23
Classification number 378.095492
Author mark and year KHA 1984
100 1# - MAIN ENTRY--PERSONAL NAME
Personal name খান, মুহম্মদ আব্দুল আজিজ
9 (RLIN) 143803
245 10 - TITLE STATEMENT
Title আমার চোখে বিশ্ববিদ্যালয় /
Statement of responsibility, etc. মুহম্মদ আব্দুল আজিজ খান
260 ## - PUBLICATION, DISTRIBUTION, ETC. (IMPRINT)
Place of publication, distribution, etc. চট্টগ্রাম :
Name of publisher, distributor, etc. ককাস পাবলিশার্স,
Date of publication, distribution, etc. ১৯৮৪
300 ## - PHYSICAL DESCRIPTION
Pagination ৪৪ পৃ. ;
Size ২১ সেমি.
650 ## - SUBJECT ADDED ENTRY--TOPICAL TERM
Topical term or geographic name as entry element উচ্চশিক্ষা
9 (RLIN) 144245
Geographic subdivision বাংলাদেশ
Topical term or geographic name as entry element Higher Education
9 (RLIN) 144246
Geographic subdivision Bangladesh
942 ## - ADDED ENTRY ELEMENTS (KOHA)
Source of classification or shelving scheme Dewey Decimal Classification
Koha item type Books
Holdings
Lost status Source of classification or shelving scheme Damaged status Not for loan Collection code Permanent Location Current Location Shelving location Date acquired Source of acquisition Cost, normal purchase price Total Checkouts Full call number Date last seen Copy number Koha item type
  Dewey Decimal Classification   Not For Loan Non-fiction Central Library, University of Rajshahi Central Library, University of Rajshahi Reading Room 05/07/1991 Samsun Nahar, R.U. 0.00   B 378.095492 KHA 1984 24/12/2016 C-1 Books